[Event "Eastern Asia-ch U16 Girls"]
[Site "Tornelo INT"]
[Date "2021.10.23"]
[Round "4"]
[White "Abbaspoorrad, Nikoo"]
[Black "Sun, Jihan"]
[Result "1-0"]
[WhiteElo "1763"]
[BlackElo "1578"]
[PlyCount "161"]
[EventDate "2021.10.22"]
[EventType "swiss"]
[EventRounds "9"]
[EventCountry "NET"]
[SourceTitle "EXT 2023"]
[Source "ChessBase"]
[SourceDate "2022.10.05"]
[SourceVersion "1"]
[SourceVersionDate "2022.10.05"]
[SourceQuality "1"]

1. d4 d5 2. c4 c6 3. cxd5 cxd5 4. Bf4 Nc6 5. e3 Nf6 6. Nc3 a6 7. Be2 Bf5 8. g4 Bg6 9. Qb3 Na5 10. Qa4+ Nc6 11. Nf3 e6 12. h4 Nxg4 13. h5 Bf5 14. Nh4 Nf6 15. Nxf5 exf5 16. Bg5 Be7 17. Bxf6 Bxf6 18. Qb3 0-0 19. Qxd5 f4 20. Qf5 fxe3 21. fxe3 Bh4+ 22. Kd2 Bg5 23. Bd3 g6 24. hxg6 fxg6 25. Qe6+ Rf7 26. Raf1 Qe7 27. Qxf7+ Qxf7 28. Rxf7 Kxf7 29. Rxh7+ Kg8 30. Rxb7 Nxd4 31. Bxg6 Rd8 32. Bf7+ Kf8 33. Bd5 Nf3+ 34. Ke2 Ne5 35. Rh7 Rd6 36. Rh5 Rg6 37. e4 Bf4 38. Rf5+ Ke7 39. Rxf4 Rg2+ 40. Rf2 Rg3 41. Rf5 Rg2+ 42. Ke3 Kd6 43. Rf6+ Kd7 44. Rxa6 Rxb2 45. Kd4 Nf3+ 46. Kc4 Nd2+ 47. Kc5 Rc2 48. Ra7+ Kd8 49. Kd4 Nf3+ 50. Kc4 Ne5+ 51. Kb3 Rc1 52. a4 Nd3 53. Nb5 Nc5+ 54. Kb4 Nd3+ 55. Ka5 Nc5 56. Kb6 Nd7+ 57. Rxd7+ Kxd7 58. a5 Rc8 59. a6 Rb8+ 60. Ka5 Ke7 61. a7 Re8 62. a8Q Rxa8+ 63. Bxa8 Ke6 64. Kb4 Ke5 65. Kc4 Ke6 66. Kd4 Kf6 67. e5+ Ke6 68. Ke4 Ke7 69. Kd5 Kd7 70. e6+ Ke7 71. Ke5 Ke8 72. Kd6 Kf8 73. e7+ Kf7 74. Kd7 Kf6 75. e8Q Kf5 76. Qe6+ Kf4 77. Kd6 Kg5 78. Ke5 Kh4 79. Qg8 Kh3 80. Kf4 Kh2 81. Qg2# 1-0

[Event "Eastern Asia-ch U16 Girls"]
[Site "Tornelo INT"]
[Date "2021.10.23"]
[Round "6"]
[White "Abbaspoorrad, Nikoo"]
[Black "Vijayasubhasri, S."]
[Result "1-0"]
[WhiteElo "1763"]
[BlackElo "1369"]
[PlyCount "185"]
[EventDate "2021.10.22"]
[EventType "swiss"]
[EventRounds "9"]
[EventCountry "NET"]
[SourceTitle "EXT 2023"]
[Source "ChessBase"]
[SourceDate "2022.10.05"]
[SourceVersion "1"]
[SourceVersionDate "2022.10.05"]
[SourceQuality "1"]

1. d4 d5 2. c4 e6 3. Nc3 Nf6 4. cxd5 exd5 5. Bg5 Nbd7 6. e3 c6 7. Qc2 Bb4 8. Bd3 Qa5 9. Nf3 Bxc3+ 10. bxc3 h6 11. Bh4 0-0 12. 0-0 b6 13. Ne5 Nxe5 14. dxe5 Nd7 15. Be7 Re8 16. Bb4 Qxb4 17. cxb4 Nxe5 18. Bf5 Bxf5 19. Qxf5 Re6 20. h3 Rae8 21. a4 Rf6 22. Qc2 Rg6 23. Kh2 Nc4 24. a5 b5 25. Qf5 Ree6 26. Qf4 Re7 27. Qb8+ Kh7 28. Rad1 Rf6 29. Kg1 Rg6 30. Rd4 Ne5 31. Kh2 Nc4 32. Rg4 Rge6 33. Qf8 f6 34. Rd1 Nd6 35. a6 Ne4 36. Kg1 Ng5 37. h4 h5 38. Rf4 Nf7 39. g4 Nd6 40. Qb8 hxg4 41. Rxg4 Nc4 42. h5 Ne5 43. Rg3 Nf7 44. Qf4 Ng5 45. Qf5+ Kg8 46. Rd4 Re5 47. Qc8+ Kh7 48. Qxc6 Ne4 49. Rg2 Rxh5 50. Rxd5 Ng5 51. Qc2+ Kh6 52. Rdxg5 fxg5 53. Rh2 Rxh2 54. Kxh2 Re6 55. Qc5 Rxa6 56. Qxb5 Rb6 57. Qa5 Rb7 58. Qa6+ Rb6 59. Qa5 Rb7 60. Kg3 Rb6 61. Kg4 Kh7 62. Kxg5 Rg6+ 63. Kf4 Rf6+ 64. Kg3 Rg6+ 65. Kf3 Rf6+ 66. Ke2 Rb6 67. e4 Re6 68. Ke3 Rb6 69. e5 Kg6 70. Ke4 Rb8 71. f4 Rb6 72. f5+ Kg5 73. e6 Kh6 74. e7 Rb8 75. Qd8 Rxb4+ 76. Kd3 Rb3+ 77. Kc2 Re3 78. e8Q Rxe8 79. Qxe8 Kg5 80. Qg6+ Kf4 81. Qxg7 Kxf5 82. Qxa7 Ke4 83. Qc5 Kf4 84. Qd5 Ke3 85. Kc3 Kf4 86. Kd4 Kg4 87. Qe5 Kf3 88. Qe4+ Kf2 89. Qe3+ Kf1 90. Qd2 Kg1 91. Ke3 Kh1 92. Kf3 Kg1 93. Qg2# 1-0

[Event "Eastern Asia-ch U16 Girls"]
[Site "Tornelo INT"]
[Date "2021.10.22"]
[Round "3"]
[White "Nguyen, Hong Nhung"]
[Black "Abbaspoorrad, Nikoo"]
[Result "0-1"]
[WhiteElo "1528"]
[BlackElo "1763"]
[PlyCount "102"]
[EventDate "2021.10.22"]
[EventType "swiss"]
[EventRounds "9"]
[EventCountry "NET"]
[SourceTitle "EXT 2023"]
[Source "ChessBase"]
[SourceDate "2022.10.05"]
[SourceVersion "1"]
[SourceVersionDate "2022.10.05"]
[SourceQuality "1"]

1. e4 c6 2. d4 d5 3. f3 e6 4. Nc3 Nf6 5. Bf4 Bb4 6. Qd3 Qa5 7. Nge2 b6 8. a3 Ba6 9. Qe3 Nbd7 10. 0-0-0 Be7 11. h4 b5 12. Kb1 b4 13. axb4 Qxb4 14. h5 Nb6 15. Na2 Qa5 16. Nec1 Nc4 17. Qc3 Qb6 18. Ka1 Bb5 19. g4 a5 20. g5 Bb4 21. Qb3 Nd7 22. exd5 cxd5 23. c3 Be7 24. Nd3 Qc6 25. Qc2 Ra7 26. Rg1 Rb7 27. b3 Na3 28. Qb2 Ba6 29. g6 hxg6 30. hxg6 f6 31. Nc5 Nxc5 32. dxc5 Bxc5 33. Bxa6 Qxa6 34. Rge1 Kd7 35. Nc1 Qc6 36. Qd2 e5 37. Be3 Bxe3 38. Rxe3 d4 39. Rd3 Nb5 40. f4 Kc7 41. fxe5 fxe5 42. cxd4 exd4 43. Ne2 Kb8 44. Nxd4 Nxd4 45. Qf4+ Qc7 46. Qxd4 Rc8 47. Qd5 Qc5 48. Qxc5 Rxc5 49. Rd8+ Ka7 50. R8d7 Rcc7 51. Rxc7 Rxc7 0-1